000 00413 a2200133 4500
001 87812
082 _aPR 189
090 _c41274
_d41274
100 _aUsman Yousaf, Plt Off 15659 71 EC
245 _aComparative study of stress corrosion cracking of Aluminum alloys 7075 T-6 and 7075 T-73
260 _aRisalpur
_bNUST Risalpur
_c2011
300 _ax, 60p.
_eShakeel Safdar, Wg Cdr
500 _aBE Project Reports
942 _aCAE NUST
_kPR 189
999 _c322885
_d322885